| Tag |
First Indicator |
Second Indicator |
Subfields |
| LEADER |
00000cam a2200000 4500 |
| 001 |
in00000022019 |
| 005 |
20151007063829.0 |
| 008 |
760114s1925 nyuaf 00010 eng |
| 010 |
|
|
|a 25021650
|
| 035 |
|
|
|a (OCoLC)01927591
|
| 035 |
|
|
|9 AAD8362AM
|
| 040 |
|
|
|a DLC
|c MIA
|d TXA
|d UtOrBLW
|
| 049 |
|
|
|a TXAM
|c [131640]
|
| 050 |
0 |
0 |
|a NA2700
|b .B75
|
| 092 |
|
|
|a 744.42
|b B813c
|
| 100 |
1 |
|
|a Brahdy, Joseph.
|
| 245 |
1 |
0 |
|a Construction drawing ;
|b a textbook of architectural drawing for the building trades /
|c by Joseph Brahdy ... and Samuel Landsman ...
|
| 264 |
|
1 |
|a New York :
|b D. Van Nostrand Company,
|c [1925]
|
| 264 |
|
4 |
|c [©1925]
|
| 300 |
|
|
|a vii, 133 pages including illustrations, plates, diagrams ;
|c 20 x 28 cm.
|
| 336 |
|
|
|a text
|b txt
|2 rdacontent
|
| 337 |
|
|
|a unmediated
|b n
|2 rdamedia
|
| 338 |
|
|
|a volume
|b nc
|2 rdacarrier
|
| 650 |
|
0 |
|a Architectural drawing.
|
| 700 |
1 |
|
|a Landsman, Samuel.
|
| 999 |
|
|
|a MARS
|
| 999 |
f |
f |
|s d408d222-3299-3ea3-afa4-097ced2ec567
|i 40095257-0e52-3f62-bcd7-216d3f7619bb
|t 0
|
| 952 |
f |
f |
|p ric
|a Texas A&M University
|b Rellis Campus
|c Joint Library Facility
|d Remote Storage
|t 0
|e NA2700 .B75
|h Library of Congress classification
|i unmediated -- volume
|m A14801150936
|
| 998 |
f |
f |
|a NA2700 .B75
|t 0
|l Remote Storage
|